000 00330 a2200121 4500
000 nam a22 7a 4500
005 20260120153129.0
020 _a9788197069505
100 _a Josan, Gurpreet Singh; Kaur, Jagroop
_9940428
245 _aData Science and Machine Learning with Python
260 _bTechSar
_c2024
942 _cTEXL
999 _c1532231
_d1532231